Sports Quiz

Random Sports or NCAA Quiz

Michigan Fab 5 1991 Freshman Schedule(who they played) Quiz Stats

 Plays Quiz not verified by Sporcle

Support Sporcle.
Go Orange.
Score 0/34 Timer 06:00
0 Plays Today
Date Opponent % Correct
Dec 14, 1991Duke
99.1%
Apr 6, 1992Duke
99.1%
Feb 2, 1992Ohio St
94.5%
Mar 3, 1992Ohio St
94.5%
Mar 29, 1992Ohio St
94.5%
Jan 21, 1992Indiana
87.3%
Jan 29, 1992Michigan St
87.3%
Feb 15, 1992Michigan St
87.3%
Mar 8, 1992Indiana
87.3%
Jan 18, 1992Illinois
86.4%
Mar 14, 1992Illinois
86.4%
Jan 15, 1992Purdue
83.6%
Mar 11, 1992Purdue
83.6%
Jan 9, 1992Iowa
80%
Jan 25, 1992Wisconsin
80%
Feb 12, 1992Iowa
80%
Feb 26, 1992Wisconsin
80%
Date Opponent % Correct
Feb 5, 1992Northwestern
77.3%
Feb 22, 1992Northwestern
77.3%
Jan 11, 1992Minnesota
73.6%
Feb 19, 1992Minnesota
73.6%
Feb 9, 1992Notre Dame
55.5%
Apr 4, 1992Cincinnati
50.9%
Mar 20, 1992Temple
46.4%
Dec 16, 1991Central Michigan
39.1%
Dec 12, 1991Eastern Michigan
37.3%
Mar 27, 1992Oklahoma St
37.3%
Dec 30, 1991Virginia Tech
20.9%
Mar 22, 1992East Tennessee St
19.1%
Dec 28, 1991BYU
18.2%
Dec 2, 1991Detroit Mercy
17.3%
Dec 21, 1991Rice
12.7%
Dec 7, 1991Cleveland State
10%
Dec 9, 1991Chicago St
9.1%

You're not logged in!

Compare scores with friends on all Sporcle quizzes.
OR
Log In

From the Vault

4 Movies, 1 Thing In Common II

by babymonkee

Even seemingly unrelated movies have something in common.
Remove Ads.
Support Sporcle.
Get the best of Sporcle when you Go Orange. This ad-free experience offers more features, more stats, and more fun while also helping to support Sporcle. Thank you for becoming a member.

Show Comments

Extras

Top Quizzes Today


Score Distribution

Your Account Isn't Verified!

In order to create a playlist on Sporcle, you need to verify the email address you used during registration. Go to your Sporcle Settings to finish the process.

Report this User

Report this user for behavior that violates our Community Guidelines.

Details: